000
00291nam a22001337a 4500
008
170809b xxu||||| |||| 00| 0 eng d
020
_a
9780672329494
041
_a
eng
080
_a
004
100
_a
35
101
_a
SHK
245
_a
OFFICE 2007 SERVERS
_c
BRUZZESE,J.P
942
_2
udc
_c
BK
999
_c
22943
_d
22943